Native Inhabitants to Modern Locale: Click Quiz - Statistics

General Stats
  • This quiz has been taken 29 times
  • The average score is 13 of 15
Answer Stats
Hint Answer % Correct
Nahua, Maya, and Mixtec Mexico
100%
Kurds Middle East
96%
Māoris New Zealand
96%
Shoshone, Lakota, and Cherokee USA
96%
Aborigines and Torres Strait Islanders Australia
92%
Igbos Cameroon, Niger
88%
Nubians Egypt, Sudan
88%
Telugus and Tamils India
88%
Aleuts Aleutian Islands
84%
Sami Norway, Sweden, Finland
84%
Dolgans and Yakuts Siberia
84%
Zulus South Africa
84%
Maasai Kenya, Tanzania
80%
Uyghurs China
76%
Ainu, Bonin Islanders, and Ryukyuans Japan
72%
No matching quizzes found
Score Distribution
Percent of People with Each Score
Percentile by Number Answered
Your Score History
You have not taken this quiz